Não faças isso, Rita Salpico! (Registo nº 4238)

Detalhes MARC
000 -Etiqueta do registo
Cabeçalho 00660nam0a2200241 4500
005 - Identificador da versão
Campo de controlo 20240813122056.0
010 ## - Número internacional normalizado dos livros (ISBN)
Número (ISBN) 9722410601
021 ## - Número do Depósito Legal
Código do país PT
Número 135691/99
100 ## - Dados gerais de processamento
Dados gerais de processamento 20161118d1999 bcdy0pory5003 ba
102 ## - Pais de publicação ou produção
País de publicação Portugal
101 1# - Língua de publicação
Língua do texto, banda sonora, etc. Português
Língua do documento no original Inglês
215 ## - Descrição física 
Indicação específica da natureza do documento e extensão da espécie [28] p.
Outras indicações físicas il. color
200 1# - Titulo e menção de responsabilidade
Título próprio Não faças isso, Rita Salpico!
Primeira menção de responsabilidade Cressida Cowell
210 ## - Publicação, Distribuição, etc. 
Lugar da edição, distribuição, etc. Lisboa
Nome do editor, distribuidor, etc. Livros Horizonte
Data da publicação, distribuição, etc. cop. 1999
300 ## - Notas gerais 
Texto da nota PNL
606 ## - Nome comum usado como assunto
Número de registo de entrada de autoridade 0001374
Palavra de ordem Literatura inglesa
Subdivisão de assunto Conto
Código do sistema CA
675 ## - Classificação Decimal Universal (CDU)
Notação 821.111-34
Edição 3ª ed.
Língua da edição por
700 #1 - Nome de autor-pessoa física (responsabilidade principal)
Número de registo de entrada de autoridade 0001508
Palavra de ordem Cowell
Outra parte do nome não tomada para palavra de ordem Cressida
Datas 1966-
966 ## - Identificação da Biblioteca
Sigla EBVEN
942 ## - Elementos de entrada adicionados (Koha)
Tipo de item no Koha Livro
Exemplares
Situação do levantamento Origin of item (home branch) (coded) Biblioteca de empréstimo Código de barras Cota Circulation type (not for loan) Tipo de documento Nota do exemplar Damaged status
  Biblioteca Escolar das Vendas Biblioteca Escolar das Vendas BEV2463 8EST COW PNL   Livro Sem mensagem